Controlling zur Erfolgssteuerung und Existenzsicherung des Unternehmens.

Rýchle a fundované rozhodovanie, konkurencieschopnosť pri konfrontáciách podnikov s trhovým hospodárstvom. Zodpovedajúci výrobný profil, inovácia výrobkov a znižovanie nákladov a využívanie nástrojov controllingu. Potrebné informácie pre riadenie podniku: výrobný controlling, controlling fixných nák...

Description complète

Enregistré dans:
Détails bibliographiques
Auteur principal: Paschke, F.
Format: Chapitre de livre
Langue:allemand
Sujets:
Tags: Ajouter un tag
Pas de tags, Soyez le premier à ajouter un tag!

MARC

LEADER 00000naa a2200000 4500
001 r002404
005 20240618122426.4
041 0 |a ger 
044 |a DE 
245 1 0 |a Controlling zur Erfolgssteuerung und Existenzsicherung des Unternehmens.  |c F. Paschke 
520 |a Rýchle a fundované rozhodovanie, konkurencieschopnosť pri konfrontáciách podnikov s trhovým hospodárstvom. Zodpovedajúci výrobný profil, inovácia výrobkov a znižovanie nákladov a využívanie nástrojov controllingu. Potrebné informácie pre riadenie podniku: výrobný controlling, controlling fixných nákladov, marketingový controlling. 
610 2 0 |a trh 
610 2 0 |a konkurencieschopnosť 
610 2 0 |a riadenie podnikové 
610 2 0 |a marketing 
610 2 0 |a informácie vnútropodnikové 
610 2 0 |a konkurencia voľná 
610 2 0 |a náklady fixné 
100 1 |a Paschke, F.